000
00261nam a22001217a 4500
008
170418b xxu||||| |||| 00| 0 eng d
041
_a
eng
080
_2
6TH
_a
573
100
_a
10
101
_a
SHM
245
_a
DISCOVER BIOLOGY
_c
CUNDY, A.S
942
_2
udc
_c
BK
999
_c
10934
_d
10934